| 000 | 00414nam a2200109Ia 4500 | ||
|---|---|---|---|
| 008 | 160909s9999 xx 000 0 und d | ||
| 100 | _aCarlson, Shawn M. | ||
| 245 | 3 | _aAn examination of teacher understandings of technology integration at the classroom level | |
| 260 |
_bUniversity of Southern Maine. _c2016 |
||
| 650 | _aInformation Technology | ||
| 856 | _uhttp://pqdtopen.proquest.com/doc/1807635313.html?FMT=ABS | ||
| 999 |
_c303755 _d303755 |
||